[Event "ESP-ch 85th"]
[Site "Linares"]
[Date "2020.09.05"]
[Round "6"]
[White "Boutahar Belgasi, Tarik"]
[Black "Lopez Varela, Pablo"]
[Result "0-1"]
[WhiteElo "2018"]
[BlackElo "2177"]
[PlyCount "70"]
[EventDate "2020.08.31"]
[EventType "swiss"]
[EventRounds "9"]
[EventCountry "ESP"]
[SourceTitle "EXT 2021"]
[Source "ChessBase"]
[SourceDate "2020.10.23"]
[SourceVersion "1"]
[SourceVersionDate "2020.10.23"]
[SourceQuality "1"]

1. c4 e5 2. g3 g6 3. Bg2 Bg7 4. Nc3 d6 5. e3 f5 6. Nge2 Nf6 7. b3 0-0 8. 0-0 c6 9. d4 e4 10. h4 Be6 11. Ba3 Bf7 12. Rc1 h6 13. Bh3 Qd7 14. f3 exf3 15. Rxf3 Qe7 16. Qd3 Nbd7 17. Re1 Rae8 18. Kg2 Ne4 19. Rff1 Ndf6 20. Nxe4 Nxe4 21. Nc3 Nf6 22. Re2 Be6 23. Rfe1 Nh5 24. Rf1 Qd7 25. Kh2 Kh8 26. Ref2 f4 27. g4 Bxg4 28. exf4 Bxh3 29. Qxh3 Qxh3+ 30. Kxh3 Bxd4 31. Rf3 Bxc3 32. Rxc3 Nxf4+ 33. Kh2 c5 34. Rc2 Re3 35. Rd1 Ne2 0-1

[Event "ESP-chT CECLUB Div2"]
[Site "Linares"]
[Date "2020.08.28"]
[Round "6.1"]
[White "Boutahar Belgasi, Tarik"]
[Black "Tejedor Fuente, Enrique"]
[Result "1/2-1/2"]
[WhiteElo "2018"]
[BlackElo "2443"]
[PlyCount "60"]
[EventDate "2020.08.24"]
[EventType "team-tourn"]
[EventRounds "6"]
[EventCountry "ESP"]
[SourceTitle "CBM 198 Extra"]
[Source "ChessBase"]
[SourceDate "2020.11.30"]
[SourceVersion "1"]
[SourceVersionDate "2020.11.30"]
[SourceQuality "1"]
[WhiteTeam "Pena Barcelonista de Melilla"]
[BlackTeam "Salcedo CC"]
[WhiteTeamCountry "ESP"]
[BlackTeamCountry "ESP"]

1. c4 e5 2. Nc3 Nc6 3. g3 g6 4. Bg2 Bg7 5. e3 d6 6. Nge2 Be6 7. b3 Qd7 8. h3 f5 9. d4 Bf7 10. dxe5 Bxe5 11. Bb2 Nge7 12. Qd2 0-0-0 13. Nd5 Bxb2 14. Qxb2 Nxd5 15. cxd5 Nb4 16. Qd2 Qb5 17. Rd1 Na6 18. 0-0 Nc5 19. Nc3 Qb4 20. Qc2 a5 21. Rd4 Qb6 22. Rc1 Kb8 23. Na4 Nxa4 24. Rxa4 Be8 25. Rd4 Rf8 26. a4 Rf7 27. b4 g5 28. Qc3 axb4 29. Rxb4 Qa7 30. Rcb1 b6 1/2-1/2

[Event "ESP-ch 77th"]
[Site "San Agustin"]
[Date "2012.10.03"]
[Round "5"]
[White "Quiza Vazquez, Carolina"]
[Black "Boutahar Belgasi, Tarik"]
[Result "1-0"]
[WhiteElo "1655"]
[BlackElo "1994"]
[PlyCount "71"]
[EventDate "2012.09.29"]
[EventType "swiss"]
[EventRounds "9"]
[EventCountry "ESP"]
[SourceTitle "EXT 2014"]
[Source "ChessBase"]
[SourceDate "2013.11.20"]
[SourceVersion "1"]
[SourceVersionDate "2013.11.20"]
[SourceQuality "1"]

1. d4 c5 2. c3 Nf6 3. Nf3 e6 4. Bg5 Be7 5. Nbd2 b6 6. e3 Bb7 7. Bd3 0-0 8. 0-0 d6 9. Re1 Nbd7 10. Qc2 h6 11. Bh4 Rc8 12. Rad1 a6 13. Qb1 b5 14. h3 Nh5 15. Bxe7 Qxe7 16. Ne4 c4 17. Bc2 f5 18. Ned2 g5 19. e4 f4 20. e5 d5 21. Nh2 Ng7 22. Ndf3 Nf5 23. Ng4 Qg7 24. Re2 Rc7 25. Rde1 Bc8 26. a4 h5 27. Nf6+ Nxf6 28. exf6 Rxf6 29. Re5 Rcf7 30. axb5 axb5 31. Qa1 g4 32. hxg4 Qxg4 33. Bxf5 Rxf5 34. Rxf5 Rxf5 35. Qa8 Rf8 36. Re5 1-0